000 00354nam a2200109Ia 4500
008 200302s9999 xx 000 0 und d
100 _aMartyn Dade - Robertson
245 _aThe Architecture of Information Architecture,interaction design and the patterning of digital information
260 _bRoutledge publishing Co.
260 _c2011
300 _a178 P.,
999 _c3824
_d3824